000 00637nam a22001577a 4500
003 LRUA
005 20200513150752.0
008 200513b xxu||||| |||| 00| 0 eng d
040 _cRUA
082 _aAGR DOS 2018 B663 Or.1
100 _914251
_aDOS SOCHEAT ដុស សុជាតិ
245 _aឥទ្ធិពលនៃអត្រាកន្ទក់ក្នុងចំបើងទៅលើការលូតលាស់ផ្សិតចំបើង effect of different rates of rice bran in rice straw on growth of straw mushroom
260 _aRUA
_bPhnom penh
_c2018
300 _axi;32p
_bill;
_c29cm
942 _2ddc
_cAGR
999 _c19201
_d19201